[Event "AUTO-OPEN-1484"]
[Site "http://www.queenalice.com/game.php?id=559111"]
[Date "2009.3.20"]
[Round "1"]
[White "junior11"]
[Black "Bubba"]
[Result "0-1"]
[WhiteElo "1791"]
[BlackElo "2055"]

1. d4 d6 2. Nf3 Nf6 3. Nc3 g6 4. e4 Bg7 5. Bg5 c6 6. Bd3 O-O 7. Qd2 b5 8. Bh6
Ng4 9. Be3 Nxe3 10. fxe3 a5 11. O-O b4 12. Ne2 Ba6 13. b3 Bxd3 14. Qxd3 c5 15.
e5 cxd4 16. exd4 dxe5 17. Nxe5 Bxe5 18. dxe5 Qxd3 19. cxd3 Nc6 20. d4 Rfd8 21.
Rad1 e6 22. Rf6 Nxe5 23. Rff1 Nc6 24. Rd2 e5 25. d5 Rd6 26. Rfd1 Rad8 27. Ng3
Nd4 28. Rxd4 exd4 29. Rxd4 Rxd5 30. Rxd5 Rxd5 31. Ne4 Rd1+ 32. Kf2 Ra1 33. Nd2
Rxa2 34. Ke3 a4 35. bxa4 Rxa4 36. Kd3 Ra2 37. g3 Kg7 38. h3 Ra3+ 39. Kc4 Rxg3
40. Kxb4 Rxh3 0-1

[Event "AUTO-OPEN-1484"]
[Site "http://www.queenalice.com/game.php?id=559112"]
[Date "2009.3.20"]
[Round "1"]
[White "Bubba"]
[Black "junior11"]
[Result "1-0"]
[WhiteElo "2047"]
[BlackElo "1818"]

1. d4 d5 2. c4 e6 3. Nc3 Nf6 4. Nf3 Nbd7 5. e3 Bb4 6. Bd3 O-O 7. Qc2 b6 8. cxd5
exd5 9. O-O Bb7 10. Bd2 Bd6 11. Rfe1 c5 12. dxc5 bxc5 13. e4 c4 14. Be2 d4 15.
Nxd4 Ne5 16. Ncb5 Bxe4 17. Qc3 Bd3 18. Nxd6 Qxd6 19. Bxd3 cxd3 20. Nb5 Qe7 21.
Rxe5 Qd7 22. Nd4 Rad8 23. Nc6 Rde8 24. Rae1 Ng4 25. Ne7+ Kh8 26. Rd5 Qb7 27. Qb4
Rxe7 28. Qxe7 1-0

[Event "Let's Play Chess!"]
[Site "http://www.queenalice.com/game.php?id=676006"]
[Date "2009.11.1"]
[Round "-"]
[White "junior11"]
[Black "Piazzolero"]
[Result "1-0"]
[WhiteElo "1800"]
[BlackElo "1532"]

1. d4 d5 2. c4 dxc4 3. e4 Nd7 4. Bxc4 Nb6 5. Bb3 Nf6 6. Nc3 Bg4 7. Nf3 e6 8. Bg5
h6 9. Bf4 Bd6 10. e5 Nh5 11. Bg3 Bb4 12. O-O Qg5 13. Qd3 O-O-O 14. Nxg5 hxg5 15.
a3 Be7 16. Nb5 a6 17. Nc3 Bf5 18. Qe3 Nd5 19. Nxd5 exd5 20. Rfc1 Rh6 21. Bc2 Bg6
22. Bxg6 Rxg6 23. b4 b6 24. e6 fxe6 25. Rxc7+ Kb8 26. Rxe7+ Kc8 27. Rc7+ Kb8 28.
Rxg7+ Nxg3 29. Qxg3+ Ka8 30. Rxg6 Re8 31. Qc7 b5 32. Rg7 e5 33. Qb7# 1-0

[Event "Challenge"]
[Site "http://www.queenalice.com/game.php?id=693785"]
[Date "2009.12.6"]
[Round "-"]
[White "junior11"]
[Black "ernesto_che"]
[Result "0-1"]
[WhiteElo "1788"]
[BlackElo "1933"]

1. d4 Nf6 2. c4 g6 3. Nc3 d5 4. Bg5 Bg7 5. e3 dxc4 6. Bxc4 Bf5 7. Qb3 O-O 8. Nf3
Nc6 9. O-O a6 10. Rad1 Qd7 11. Bd3 b5 12. d5 Na5 13. Qc2 Bxd3 14. Rxd3 Rfd8 15.
e4 Nc4 16. b3 Na3 17. Qd2 b4 18. Nb1 Nxb1 19. Rxb1 Nxe4 20. Qf4 Nc3 21. Re1 Qb5
22. Qc4 Rxd5 23. Qxb5 axb5 24. Rxd5 Nxd5 25. Ne5 Rxa2 26. Nc6 e6 27. Rd1 Rb2 28.
Na5 h6 0-1

[Event "AUTO-OPEN-1847"]
[Site "http://www.queenalice.com/game.php?id=718491"]
[Date "2010.1.22"]
[Round "1"]
[White "Mamonas"]
[Black "junior11"]
[Result "0-1"]
[WhiteElo "1413"]
[BlackElo "1778"]

1. e4 e5 2. Nf3 Nc6 3. d4 Nf6 4. Bd3 d6 5. Bb5 Bd7 6. Bc4 g6 7. Bg5 Bg7 8. dxe5
dxe5 9. Nc3 O-O 10. Qd2 Qe8 11. Bb5 Rd8 12. Bxf6 Bxf6 13. Qh6 Bg7 14. Qh3 Bxh3
0-1

[Event "AUTO-OPEN-1847"]
[Site "http://www.queenalice.com/game.php?id=718492"]
[Date "2010.1.22"]
[Round "1"]
[White "junior11"]
[Black "Mamonas"]
[Result "1-0"]
[WhiteElo "1780"]
[BlackElo "1411"]

1. d4 d5 2. c4 dxc4 3. e4 Nf6 4. Nc3 Qd7 5. Bxc4 b5 6. Bxb5 c6 7. Bc4 Ba6 8.
Bxa6 Nxa6 9. a3 Qg4 10. Qf3 Qxf3 11. Nxf3 c5 12. d5 Rd8 13. O-O e6 14. Bg5 exd5
15. Nxd5 Nxd5 16. Bxd8 1-0

[Event "AUTO-OPEN-1847"]
[Site "http://www.queenalice.com/game.php?id=718519"]
[Date "2010.1.22"]
[Round "1"]
[White "junior11"]
[Black "Adinirso"]
[Result "1-0"]
[WhiteElo "1784"]
[BlackElo "1551"]

1. d4 d5 2. c4 dxc4 3. e4 Be6 4. Nc3 h6 5. d5 Bd7 6. Bxc4 a6 7. Nf3 b5 8. Bd3
Nf6 9. Be3 e6 10. O-O Bd6 11. e5 Bxe5 12. Nxe5 exd5 13. Re1 O-O 14. Qd2 Be6 15.
Bxh6 gxh6 16. Qxh6 Ne4 17. Re3 Bf5 18. Bxe4 dxe4 19. Rg3+ Bg6 20. Nxg6 fxg6 21.
Qxg6+ Kh8 22. Rh3+ 1-0

[Event "AUTO-OPEN-1847"]
[Site "http://www.queenalice.com/game.php?id=718520"]
[Date "2010.1.22"]
[Round "1"]
[White "Adinirso"]
[Black "junior11"]
[Result "0-1"]
[WhiteElo "1574"]
[BlackElo "1793"]

1. e4 e5 2. Nc3 Nf6 3. a3 d5 4. exd5 Nxd5 5. Bb5+ c6 6. Bc4 Nf6 7. Nge2 Bc5 8.
h3 O-O 9. d3 Be6 10. Bxe6 fxe6 11. b4 Bb6 12. O-O Bd4 13. Nxd4 exd4 14. Ne4 Qd5
15. Qe1 Nbd7 16. Bb2 e5 17. Rd1 Rae8 18. Nxf6+ Rxf6 19. c4 Qe6 20. Qe4 Rg6 21.
Kh2 Nf6 22. Qf3 Qd6 23. c5 Qc7 24. Rfe1 e4+ 25. Qg3 Rxg3 26. fxg3 e3 27. Bxd4
Nd5 0-1

[Event "Let's Play Chess!"]
[Site "http://www.queenalice.com/game.php?id=732144"]
[Date "2010.2.15"]
[Round "-"]
[White "junior11"]
[Black "Yota_VGA"]
[Result "0-1"]
[WhiteElo "1805"]
[BlackElo "1317"]

1. d4 Nf6 2. c4 d5 3. Nc3 e6 4. Bg5 Bb4 5. Nf3 O-O 6. e3 Nc6 7. Bd3 Re8 8. O-O
e5 9. Bc2 Bg4 10. dxe5 Nxe5 11. cxd5 Qd7 12. Bxf6 Nxf3+ 13. gxf3 Bh3 14. Re1
Bxc3 15. bxc3 c6 16. Bh4 cxd5 17. Kh1 Qe6 18. Rg1 Rac8 19. Qd3 Qh6 20. Bg5 Qh5
21. Bf4 Qxf3+ 0-1

[Event "Let's Play Chess!"]
[Site "http://www.queenalice.com/game.php?id=732145"]
[Date "2010.2.15"]
[Round "-"]
[White "junior11"]
[Black "Yota_VGA"]
[Result "1-0"]
[WhiteElo "1805"]
[BlackElo "1432"]

1. d4 d5 2. c4 Nf6 3. Nc3 e6 4. Nf3 Bb4 5. Bg5 Nc6 6. e3 O-O 7. Bd3 Re8 8. O-O
e5 9. Bc2 Bg4 10. Qe1 Qd6 11. a3 Bxc3 12. Qxc3 e4 13. Nd2 Be2 14. Rfe1 Ng4 15.
Bf4 Qe7 16. Rxe2 Qe6 17. Rf1 dxc4 18. Nxc4 Qg6 19. f3 Nf6 20. Ne5 Qh5 21. Nxc6
bxc6 22. Qxc6 Qg6 23. Be5 exf3 24. Bxg6 fxe2 25. Re1 fxg6 26. Bxf6 gxf6 27. Rxe2
Rf8 28. d5 Rab8 29. Qxc7 f5 30. Rd2 f4 31. exf4 Rbc8 32. Qd6 g5 33. Rf2 Rc1+ 34.
Rf1 gxf4 35. Rxc1 1-0

[Event "The sun"]
[Site "http://www.queenalice.com/game.php?id=796937"]
[Date "2010.6.30"]
[Round "-"]
[White "jdalcheco"]
[Black "junior11"]
[Result "0-1"]
[WhiteElo "1793"]
[BlackElo "1807"]

1. e4 c5 2. Nf3 d5 3. exd5 Qxd5 4. Nc3 Qd8 5. d3 Nf6 6. Be2 Bf5 7. O-O e6 8. Bg5
Nbd7 9. Nh4 Bg6 10. Nxg6 fxg6 11. Ne4 Be7 12. Ng3 O-O 13. b3 b6 14. c4 Qc7 15.
Bd2 Rae8 16. Bc3 Bd6 17. Qd2 Bf4 18. Qb2 e5 19. Bf3 Rf7 20. Rfe1 Rfe7 21. Ne4 g5
22. g3 g4 23. Nxf6+ Nxf6 24. gxf4 gxf3 25. fxe5 Ng4 26. h3 Nxe5 27. Re3 Qd7 28.
Bxe5 Qxh3 29. Rxf3 Qxf3 30. Bg3 Re1+ 0-1

[Event "AUTO-ADV-2323"]
[Site "http://www.queenalice.com/game.php?id=1001915"]
[Date "2011.10.26"]
[Round "1"]
[White "junior11"]
[Black "fracci"]
[Result "0-1"]
[WhiteElo "1839"]
[BlackElo "1825"]

1. e4 e5 2. d4 Nc6 3. d5 Nb8 4. Nf3 d6 5. c4 Nf6 6. Nbd2 a5 7. a4 Nbd7 8. Bd3
Nc5 9. Nb3 Nfxe4 10. Nxc5 Nxc5 11. Bc2 Bg4 12. Qe2 Qf6 13. Bg5 Bxf3 14. Bxf6
Bxe2 15. Kxe2 gxf6 16. Rhe1 h5 17. Bf5 Ke7 18. Reb1 Nb3 19. Ra3 Nd4+ 0-1

[Event "AUTO-ADV-2323"]
[Site "http://www.queenalice.com/game.php?id=1001924"]
[Date "2011.10.26"]
[Round "1"]
[White "jpzenitram"]
[Black "junior11"]
[Result "0-1"]
[WhiteElo "1905"]
[BlackElo "1800"]

1. e4 c5 2. Nc3 e6 3. Nf3 d6 4. g3 a6 5. Bg2 Nf6 6. b3 Nc6 7. d3 g6 8. Bb2 Bg7
9. Ne2 O-O 10. Qd2 e5 11. O-O-O Ng4 12. Kb1 Nxf2 13. h4 Nxd1 14. Qxd1 Bg4 15.
Neg1 Nd4 16. Bxd4 cxd4 17. Bh3 Bxh3 18. Nxh3 Rc8 19. Nfg5 Rc3 20. Rf1 Qc7 21.
Ng1 Bh6 22. Ne2 Rc6 23. Nf3 Rc8 24. Ne1 Qa5 25. g4 Bd2 26. g5 Bxe1 27. Qxe1
Qxe1+ 28. Rxe1 Rxc2 29. Rc1 Rxc1+ 30. Nxc1 Kg7 31. Ne2 f6 32. Kb2 fxg5 33. hxg5
h6 34. gxh6+ Kxh6 35. a4 a5 36. Ng3 Rc3 0-1

[Event "AUTO-ADV-2323"]
[Site "http://www.queenalice.com/game.php?id=1001925"]
[Date "2011.10.26"]
[Round "1"]
[White "junior11"]
[Black "jpzenitram"]
[Result "1-0"]
[WhiteElo "1820"]
[BlackElo "1885"]

1. e4 d6 2. f4 Nf6 3. Nc3 g6 4. Nf3 Bg7 5. Bc4 c5 6. O-O Nc6 7. d4 cxd4 8. Nxd4
Qb6 9. Ne2 Nxe4 10. Kh1 Bg4 11. c3 Nxd4 12. Be3 Bxe2 13. Bxe2 Qxb2 14. Bxd4 Nxc3
15. Bxc3 Qxc3 16. Qa4+ Kd8 17. Rac1 Qd2 18. Qc4 Qa5 19. Bf3 Rb8 20. Qxf7 Bf6 21.
Rfd1 Rc8 22. Bxb7 Rxc1 23. Rxc1 Kd7 24. Bc6+ Kd8 25. Qc4 Qb6 26. Qe6 Qc7 27. g3
Qc8 28. Qe3 h6 29. Qxa7 g5 30. Qe3 gxf4 31. gxf4 h5 32. a4 Rg8 33. Bd5 1-0

[Event "Let's Play Chess!"]
[Site "http://www.queenalice.com/game.php?id=1010569"]
[Date "2011.11.20"]
[Round "-"]
[White "junior11"]
[Black "plot24"]
[Result "1-0"]
[WhiteElo "1822"]
[BlackElo "1706"]

1. e4 e5 2. d4 exd4 3. c3 dxc3 4. Bc4 cxb2 5. Bxb2 Nf6 6. e5 Ng4 7. Bxf7+ Kxf7
8. Qxg4 Qe7 9. Nf3 d5 10. Qf4+ Kg8 11. O-O Nc6 12. a4 Be6 13. Ng5 h6 14. Nf3 Kh7
15. Nc3 Rg8 16. Nd4 Nxd4 17. Qxd4 g5 18. Nb5 a6 19. Nc3 Rd8 20. a5 Qg7 21. Rfc1
Bd6 22. Ne2 c5 23. Qd3+ Kh8 24. Qg3 Be7 25. Rab1 d4 26. Ba3 d3 27. Nc3 Bf8 28.
Ne4 d2 29. Rd1 Bf5 30. f3 h5 31. Rb2 h4 32. Qf2 Qxe5 33. Rbxd2 Rxd2 34. Qxd2
Bxe4 35. Bb2 1-0